[Event "Katowice rapid op"]
[Site "Katowice"]
[Date "2025.05.31"]
[Round "10"]
[White "Marszalek, Jakub2"]
[Black "Namyslak, Piotr"]
[Result "0-1"]
[WhiteElo "1847"]
[BlackElo "1981"]
[PlyCount "128"]
[EventDate "2025.05.31"]
[EventType "swiss"]
[EventRounds "11"]
[EventCountry "POL"]
[SourceTitle "CB24_2025"]
[SourceDate "2025.06.11"]
[SourceVersion "1"]
[SourceVersionDate "2025.06.11"]
[SourceQuality "1"]

1. e4 c6 2. d4 d5 3. Nc3 dxe4 4. Nxe4 Nf6 5. Ng3 g6 6. Nf3 Bg7 7. Bc4 0-0 8. 0-0 Nbd7 9. h3 c5 10. Re1 e6 11. Bb3 Qc7 12. c3 b6 13. Be3 c4 14. Bc2 Bb7 15. Qe2 Rfe8 16. Rad1 Nd5 17. Qd2 b5 18. Bh6 Bh8 19. Ne4 a5 20. h4 N7f6 21. Nxf6+ Nxf6 22. Ne5 Rad8 23. Bg5 Rc8 24. Bf4 Qe7 25. Bg5 Qf8 26. Qe2 Rc7 27. Bf4 Rcc8 28. a4 Nd5 29. Bg3 Bxe5 30. Bxe5 b4 31. Qd2 f6 32. Bg3 Qg7 33. Re2 h6 34. Rde1 Kf7 35. Be4 b3 36. Bf3 Bc6 37. h5 g5 38. Be4 f5 39. Be5 Qf8 40. Bb1 Nf6 41. Bxf6 Kxf6 42. Qe3 Qd6 43. Qe5+ Qxe5 44. Rxe5 Ra8 45. g4 fxg4 46. Bg6 Re7 47. Kh2 Bxa4 48. Kg3 Bd7 49. Kxg4 a4 50. Ra1 Be8 51. Bxe8 Rexe8 52. f4 gxf4 53. Kxf4 Rg8 54. Kf3 Rg5 55. Rc5 Rxc5 56. dxc5 a3 57. bxa3 Rxa3 58. Rb1 Ra5 59. Ke4 Rxc5 60. Kd4 Rc8 61. Rb2 Kg5 62. Ke5 Kxh5 63. Kxe6 Kg4 64. Ke5 Kf3 0-1

[Event "Katowice rapid op"]
[Site "Katowice"]
[Date "2025.05.31"]
[Round "7"]
[White "Namyslak, Piotr"]
[Black "Gibala, Adam"]
[Result "1-0"]
[WhiteElo "1981"]
[BlackElo "2256"]
[PlyCount "71"]
[EventDate "2025.05.31"]
[EventType "swiss"]
[EventRounds "11"]
[EventCountry "POL"]
[SourceTitle "CB24_2025"]
[SourceDate "2025.06.11"]
[SourceVersion "1"]
[SourceVersionDate "2025.06.11"]
[SourceQuality "1"]

1. c4 e5 2. Nc3 d6 3. g3 f5 4. Bg2 Nf6 5. e3 c6 6. Nge2 Be6 7. b3 Be7 8. d4 Nbd7 9. 0-0 0-0 10. Qc2 Qe8 11. Ba3 Rc8 12. Rad1 a6 13. dxe5 dxe5 14. Bxe7 Qxe7 15. Rd2 b5 16. cxb5 axb5 17. Rfd1 Nb6 18. a4 b4 19. Na2 c5 20. Rd6 c4 21. Nxb4 cxb3 22. Qb2 Nc4 23. Rxe6 Nxb2 24. Rxe7 Nxd1 25. Rb7 Rb8 26. Nd3 b2 27. Nxb2 Nxb2 28. a5 e4 29. Rxb8 Re8 30. Rd8 Rxd8 31. Nd4 Rb8 32. a6 Nc4 33. Bf1 Rb1 34. Kg2 Nd2 35. a7 Nxf1 36. a8Q+ 1-0

[Event "Katowice POL-HUN 10th"]
[Site "Katowice"]
[Date "2023.09.09"]
[Round "2"]
[White "Namyslak, Piotr"]
[Black "Nasuta, Grzegorz"]
[Result "0-1"]
[WhiteElo "1763"]
[BlackElo "2579"]
[PlyCount "72"]
[EventDate "2023.09.09"]
[EventType "swiss (rapid)"]
[EventRounds "9"]
[EventCountry "POL"]
[SourceTitle "CBM 216 Extra"]
[Source "ChessBase"]
[SourceDate "2023.11.30"]
[SourceVersion "1"]
[SourceVersionDate "2023.11.30"]
[SourceQuality "1"]

1. c4 e5 2. Nc3 Nf6 3. e4 Nc6 4. d3 Bc5 5. Be3 d6 6. Be2 Nd4 7. Nf3 Nxf3+ 8. Bxf3 Bxe3 9. fxe3 c6 10. 0-0 0-0 11. Kh1 a6 12. a4 a5 13. Qd2 Be6 14. Rab1 Qb6 15. Ne2 Qb3 16. Qd1 Qxd1 17. Rfxd1 Nd7 18. b4 axb4 19. Rxb4 Nc5 20. d4 Rxa4 21. Rdb1 Rxb4 22. Rxb4 Nd3 23. Rxb7 Bxc4 24. Rd7 Rb8 25. h4 Ne1 26. Ng3 exd4 27. exd4 d5 28. Nf5 Nxf3 29. gxf3 dxe4 30. Ne7+ Kf8 31. Nxc6 e3 32. Kg2 Rb2+ 33. Kg3 g5 34. Rd8+ Kg7 35. hxg5 e2 36. Re8 Rb1 0-1

[Event "EU-ch Blitz"]
[Site "Katowice"]
[Date "2022.12.16"]
[Round "2"]
[White "Namyslak, Piotr"]
[Black "Gaehwiler, Gabriel"]
[Result "0-1"]
[WhiteElo "1763"]
[BlackElo "2408"]
[PlyCount "102"]
[EventDate "2022.12.16"]
[EventType "swiss (blitz)"]
[EventRounds "22"]
[EventCountry "POL"]
[SourceTitle "CBM 211 Extra"]
[Source "ChessBase"]
[SourceDate "2023.01.31"]
[SourceVersion "1"]
[SourceVersionDate "2023.01.31"]
[SourceQuality "1"]

1. c4 Nf6 2. Nc3 g6 3. e4 d6 4. f4 Bg7 5. d3 c5 6. Be2 Nc6 7. Nf3 Rb8 8. h3 a6 9. a4 Nd4 10. Nxd4 cxd4 11. Nd5 0-0 12. 0-0 b5 13. axb5 axb5 14. Nxf6+ Bxf6 15. b3 Bd7 16. Bd2 Qc7 17. Qc2 Rfc8 18. Rfc1 Qb7 19. Bf3 Bc6 20. Qd1 Bg7 21. c5 b4 22. cxd6 exd6 23. Rc4 Bb5 24. e5 Qb6 25. Rxc8+ Rxc8 26. Bxb4 dxe5 27. fxe5 Bxe5 28. Be1 Bf4 29. Bf2 Be3 30. Bd5 Qf6 31. Qf3 Qxf3 32. Bxf3 Bxd3 33. Bxe3 dxe3 34. Re1 Re8 35. Bd5 Kg7 36. g4 f5 37. Kg2 f4 38. Kf3 g5 39. h4 h6 40. h5 Kf6 41. Ra1 Ke5 42. Bc4 Bxc4 43. bxc4 Kd4 44. Ke2 Kxc4 45. Ra6 f3+ 46. Kxf3 e2 47. Rxh6 e1Q 48. Rc6+ Kb5 49. Rg6 Re3+ 50. Kg2 Rg3+ 51. Kh2 Qg1# 0-1

[Event "POL-chT Academic"]
[Site "Chorzow"]
[Date "2022.04.02"]
[Round "1.4"]
[White "Namyslak, Piotr"]
[Black "Chylewski, Patryk"]
[Result "1/2-1/2"]
[WhiteElo "1642"]
[BlackElo "2134"]
[PlyCount "140"]
[EventDate "2022.04.02"]
[EventType "team-swiss (rapid)"]
[EventRounds "9"]
[EventCountry "POL"]
[SourceTitle "EXT 2024"]
[Source "ChessBase"]
[SourceDate "2023.10.10"]
[SourceVersion "1"]
[SourceVersionDate "2023.10.10"]
[SourceQuality "1"]

1. c4 e6 2. Nc3 Bb4 3. e4 Ne7 4. d3 0-0 5. Nf3 d5 6. Bd2 c5 7. Be2 Nbc6 8. 0-0 dxc4 9. dxc4 Nd4 10. Nxd4 cxd4 11. Nb5 Bxd2 12. Qxd2 e5 13. f4 a6 14. Na3 exf4 15. Rxf4 Be6 16. Rd1 Qc7 17. Rf3 Rfd8 18. Rd3 Nc6 19. Kh1 Rd7 20. b3 Rad8 21. Nc2 Qb6 22. Qf4 Qa5 23. a3 Qc5 24. Rg3 Qe5 25. Qxe5 Nxe5 26. Nb4 Re8 27. Nd5 Bxd5 28. exd5 f5 29. Kg1 Nf7 30. Bf1 f4 31. Rf3 g5 32. Rxd4 Re1 33. Rfd3 Ne5 34. Rd1 Re3 35. b4 Rxa3 36. c5 f3 37. Re4 Ng6 38. gxf3 Rxf3 39. Bc4 Kg7 40. d6 Nf4 41. Rde1 Kf6 42. Re7 Rd8 43. Re8 Rd7 44. R1e7 Rxe7 45. Rxe7 Rc3 46. Rf7+ Kg6 47. d7 Rc1+ 48. Kf2 Rd1 49. Re7 Kf6 50. Rxh7 Ng6 51. Be2 Rd4 52. Ke3 Ke5 53. Bd3 Nf4 54. Re7+ Kf6 55. Kxd4 Kxe7 56. Bf5 Ne2+ 57. Kc4 Nf4 58. b5 axb5+ 59. Kxb5 Nd5 60. Bh3 Kd8 61. Be6 Nf4 62. Bf5 Nd5 63. Be6 Nf4 64. Bg4 Nd5 65. Bf3 Nc7+ 66. Kb6 Kxd7 67. Kxb7 Kd8 68. Kc6 Ne6 69. Kd6 Nxc5 70. Kxc5 Ke7 1/2-1/2